Où se situe la ville de ... #3 Pays d'Europe de l'Ouest - Statistiques

Statistiques générales
  • Ce quiz a été pris 61 fois
  • Le résultat moyen est 8 sur 10
Statistiques - réponses
Question Réponse % Correct
Lequel de ces pays est connu pour ses montres et son chocolat ? Suisse
100%
Où se situe la ville de Liège ? Belgique
98%
Quel est le seul pays à avoir un drapeau ne possédant pas trois bandes ? Portugal
98%
Où se situe la ville de Gênes ? Italie
88%
Où se situe la ville d'Aveiro ? Portugal
86%
Où se situe la ville de Bari ? Italie
83%
Où se situe la ville de Pampelune ? Espagne
80%
Dans lequel de ces pays ne passe PAS le Rhin ? Belgique
76%
Où se situe la ville de Maastricht ? Pays-Bas
69%
Où se situe la ville de Forbach ? France
41%
Aucun quiz correspondant
Distribution des résultats
% des personnes avec chaque résultat
Percentile par nombre de réponses
Votre historique - résultats
Vous n’avez pas pris ce quiz